000 00709nam a22002297a 4500
999 _c10600
_d10600
003 AR-CdUCM
008 190401b ||||| |||| 00| 0 spa d
040 _aMUNICIPALIDAD PROVINCIAL DEL CUSCO
_cBIBLIOTECA MUNICIPAL DEL CUSCO
041 _heng
082 _aES / 800 /
_bB65
100 _aBlyton, Enid
_926549
245 _aMisterio del Collar Desaparecido /
260 _aBarcelona :
_bMolino ;
_c1960.
300 _a174 páginas ;
_bIlustraciones
_c19cm
440 _aSerie Aventurero
_n25
_927557
505 _aContenido: Novela
650 _aNovela
_9572
650 _aLiteratura juvenil
_91580
700 _aPeraire del Molino, C. (traducción)
_926553
942 _2ddc
_cLIBROS
945 _anom